LEADER 01060nam a2200217 i 4500 001 000000222780 003 CaOOAMICUS 005 20130925000000.0 008 130925s1970 it u000 u ita u 013 $a201677 040 $aSeMil$bita 100 1 $aColombo, Giulio <1931-2018>.$0(OLS)http://semarc/name/90250 245 10$a1570-1970 S. Carlo e la S. Spina :$bParrocchia di S. Maria del Cerro [a Cassano Magnago] /$c[a cura del presb. Giulio Colombo]. 260 $a[S.l. :$bs.n.],$c1970. 300 $a26 p. :$bill. ;$c24 cm. 600 04$aBorromeo, Carlo .$0(OLS)http://semarc/subject/690 650 4$aCassano Magnago - Chiese - Santa Maria del Cerro - Sacra Spina .$0(OLS)http://semarc/subject/40826 850 $aSeMil 852 $aSeMil$W1$xVenegono$y1$m5D VII 21/8$j173126$B173126$CSeMilBibl$Z2$F183447 $81 996 $6245$a1570-1970 S. Carlo e la S. Spina :$bParrocchia di S. Maria del Cerro [a Cassano Magnago]$9(OLS)http://semarc/title/319433 996 $6260$a[S.l. :$bs.n.]$9(OLS)http://semarc/publisher/29751 LEADER 01048nam a2200265 i 4500 001 000000039406 003 CaOOAMICUS 005 20101120000000.0 008 101120s1986 it u000 u ita u 013 $a10141 020 $a88-7670-074-9 040 $aSeMil$bita 100 1 $aNovelli, Diego.$0(OLS)http://semarc/name/19104 245 10$aMichele Pellegrino :$bl'uomo della 'Camminare insieme'. 260 $aTorino :$bGruppo Abele,$ccopyr. 1986. 300 $a153 p. ;$c22 cm. 490 0 $aMessaggi ;$v1 600 14$aPellegrino, Michele .$0(OLS)http://semarc/subject/8154 830 0$aMessaggi ;$v1.$0(OLS)http://semarc/title/17468 850 $aSeMil 852 $aSeMil$W1$xVenegono$y1$m3J II 275$j5561$B5561$CSeMilBibl$Z2$F5561 $81 961 $aOmaggio: Serenthà don Mario 996 $6020$a88-7670-074-9$9(OLS)http://semarc/number/9061 996 $6245$aMichele Pellegrino :$bl'uomo della 'Camminare insieme'$9(OLS)http://semarc/title/56100 996 $6260$aTorino :$bGruppo Abele$9(OLS)http://semarc/publisher/31626